Wszystkie Przystanki WTP na Żoliborzu - Statystyki

Ogólne statystyki
  • Ten quiz został rozwiązany 18 razy
  • Średni wynik to 21 z 33
Statystyki odpowiedzi
Przystanki % Poprawnych
Pl. Grunwaldzki
100%
Pl. Wilsona
100%
Sady Żoliborskie
100%
Elbląska
92%
Pl. Inwalidów
92%
Ks. Popiełuszki
85%
Powązki - Cm. Wojskowy
85%
Metro Marymont
77%
Rydygiera
77%
Czarnieckiego
69%
PKP Powązki
69%
Przasnyska
69%
Centrum Olimpijskie
62%
Dw. Gdański (Rydygiera)
62%
Gen. Maczka
62%
Gen. Zajączka
62%
Marymont-Potok
62%
Most Grota-Roweckiego
62%
Park Kaskada
62%
Pl. Niemena
62%
Suzina
62%
Włościańska
62%
Bohomolca
54%
Cytadela
54%
Os. Potok
54%
Teatr Komedia
54%
Annny German
46%
Felińskiego
46%
Park Olszyna
46%
Ks. Boguckiego
38%
Barszczewska
23%
Tylżycka
23%
Drohicka
15%
Nie znaleziono quizów pasujących do podanych kryteriów
Rozkład punktacji
Procent ludzi z każdym wynikiem
Percentyl według liczby udzielonych odpowiedzi
Twoja historia wyników
Nie rozwiązałeś tego quizu